LEADER 08868nam 22008415 450 001 996466226203316 005 20200706115014.0 010 $a1-280-30773-0 010 $a9786610307739 010 $a3-540-25959-7 024 7 $a10.1007/b98116 035 $a(CKB)1000000000212411 035 $a(DE-He213)978-3-540-25959-6 035 $a(SSID)ssj0000104604 035 $a(PQKBManifestationID)11127844 035 $a(PQKBTitleCode)TC0000104604 035 $a(PQKBWorkID)10085967 035 $a(PQKB)11246411 035 $a(MiAaPQ)EBC3088718 035 $a(PPN)155164031 035 $a(EXLCZ)991000000000212411 100 $a20121227d2004 u| 0 101 0 $aeng 135 $aurnn#008mamaa 181 $ctxt$2rdacontent 182 $cc$2rdamedia 183 $acr$2rdacarrier 200 10$aApplications of Graph Transformations with Industrial Relevance$b[electronic resource] $eSecond International Workshop, AGTIVE 2003, Charlottesville, VA, USA, September 27 - October 1, 2003, Revised Selected and Invited Papers /$fedited by John L. Pfaltz, Manfred Nagl, Boris Böhlen 205 $a1st ed. 2004. 210 1$aBerlin, Heidelberg :$cSpringer Berlin Heidelberg :$cImprint: Springer,$d2004. 215 $a1 online resource (XVI, 504 p.) 225 1 $aLecture Notes in Computer Science,$x0302-9743 ;$v3062 300 $aBibliographic Level Mode of Issuance: Monograph 311 $a3-540-22120-4 320 $aIncludes bibliographical references at the end of each chapters and index. 327 $aWeb Applications -- Graph Transformation for Merging User Navigation Histories -- Towards Validation of Session Management in Web Applications based on Graph Transformation -- Data Structures and Data Bases -- Specifying Pointer Structures by Graph Reduction -- Specific Graph Models and Their Mappings to a Common Model -- Engineering Applications -- Transforming Graph Based Scenarios into Graph Transformation Based JUnit Tests -- On Graphs in Conceptual Engineering Design -- Parameterized Specification of Conceptual Design Tools in Civil Engineering -- Agent-Oriented and Functional Programs, Distribution -- Design of an Agent-Oriented Modeling Language Based on Graph Transformation -- Specification and Analysis of Fault Behaviours Using Graph Grammars -- Object and Aspect-Oriented Systems -- Integrating Graph Rewriting and Standard Software Tools -- Expressing Component-Relating Aspects with Graph Transformations -- Natural Languages: Processing and Structuring -- Modeling Discontinuous Constituents with Hypergraph Grammars -- Authoring Support Based on User-Serviceable Graph Transformation -- Re-engineering -- Re-engineering a Medical Imaging System Using Graph Transformations -- Behavioral Analysis of Telecommunication Systems by Graph Transformations -- Reuse and Integration -- Specifying Integrated Refactoring with Distributed Graph Transformations -- A Domain Specific Architecture Tool: Rapid Prototyping with Graph Grammars -- Modelling Languages -- Graph Transformations in OMG?s Model-Driven Architecture -- Computing Reading Trees for Constraint Diagrams -- UML Interaction Diagrams: Correct Translation of Sequence Diagrams into Collaboration Diagrams -- Meta-Modelling, Graph Transformation and Model Checking for the Analysis of Hybrid Systems -- Bioinformatics -- Proper Down-Coloring Simple Acyclic Digraphs -- Local Specification of Surface Subdivision Algorithms -- Transforming Toric Digraphs -- Management of Development and Processes -- Graph-Based Specification of a Management System for Evolving Development Processes -- Graph-Based Tools for Distributed Cooperation in Dynamic Development Processes -- Multimedia, Picture, and Visual Languages -- MPEG-7 Semantic Descriptions: Graph Transformations, Graph Grammars, and the Description of Multimedia -- Collage Grammars for Collision-Free Growing of Objects in 3D Scenes -- VisualDiaGen ? A Tool for Visually Specifying and Generating Visual Editors -- Demos -- GenGED ? A Visual Definition Tool for Visual Modeling Environments -- CHASID ? A Graph-Based Authoring Support System -- Interorganizational Management of Development Processes -- Conceptual Design Tools for Civil Engineering -- E-CARES ? Telecommunication Re- and Reverse Engineering Tools -- AGG: A Graph Transformation Environment for Modeling and Validation of Software -- Process Evolution Support in the AHEAD System -- Fire3: Architecture Refinement for A-posteriori Integration -- A Demo of OptimixJ -- Visual Specification of Visual Editors with VisualDiaGen -- The GROOVE Simulator: A Tool for State Space Generation -- Summaries of the Workshop -- AGTIVE?03: Summary from the Outside In -- AGTIVE?03: Summary from the Theoretical Point of View -- AGTIVE?03: Summary from the Viewpoint of Graph Transformation Specifications -- AGTIVE?03: Summary from a Tool Builder?s Viewpoint -- Best Presentation and Demonstration Awards. 330 $aThis volume consists of papers selected from the presentations given at the International Workshop and Symposium on ?Applications of Graph Transformation with Industrial Relevance? (AGTIVE 2003). The papers underwent up to two additional reviews. This volume contains the revised versions of these papers. AGTIVE2003 was the second event of the Graph Transformation community. The aim of AGTIVE is to unite people from research and industry interested in the application of Graph Transformation to practical problems. The first workshop took place at Kerkrade, The Netherlands. The proceedings appeared as vol. 1779 of Springer-Verlags?s Lecture Notes in Computer Science series. This second workshop, AGTIVE 2003, was held in historic Charlottesville, Virginia, USA. Graphs constitute well-known, well-understood, and frequently used means to depict networks of related items in different application domains. Various types of graph transformation approaches? also called graph grammars or graph rewriting systems ? have been proposed to specify, recognize, inspect, modify, and display certain classes of graphs representing structures of different domains. Research activities based on Graph Transformations (GT for short) constitute a well-established scientific discipline within Computer Science. The international GT research community is quite active and has organized international workshops and the conference ICGT 2002. The proceedings of these events, a three volume handbook on GT, and books on specific approaches as well as big application projects give a good documentation about research in the GT field (see the list at the end of the proceedings). The intention of all these activities has been (1) to bring together the international community in a viable scientific discussion, (2) to integrate different approaches, and (3) to build a bridge between theory and practice. 410 0$aLecture Notes in Computer Science,$x0302-9743 ;$v3062 606 $aDiscrete mathematics 606 $aSoftware engineering 606 $aComputer logic 606 $aMathematical logic 606 $aData structures (Computer science) 606 $aAlgorithms 606 $aDiscrete Mathematics$3https://scigraph.springernature.com/ontologies/product-market-codes/M29000 606 $aSoftware Engineering$3https://scigraph.springernature.com/ontologies/product-market-codes/I14029 606 $aLogics and Meanings of Programs$3https://scigraph.springernature.com/ontologies/product-market-codes/I1603X 606 $aMathematical Logic and Formal Languages$3https://scigraph.springernature.com/ontologies/product-market-codes/I16048 606 $aData Structures$3https://scigraph.springernature.com/ontologies/product-market-codes/I15017 606 $aAlgorithm Analysis and Problem Complexity$3https://scigraph.springernature.com/ontologies/product-market-codes/I16021 615 0$aDiscrete mathematics. 615 0$aSoftware engineering. 615 0$aComputer logic. 615 0$aMathematical logic. 615 0$aData structures (Computer science). 615 0$aAlgorithms. 615 14$aDiscrete Mathematics. 615 24$aSoftware Engineering. 615 24$aLogics and Meanings of Programs. 615 24$aMathematical Logic and Formal Languages. 615 24$aData Structures. 615 24$aAlgorithm Analysis and Problem Complexity. 676 $a004 702 $aPfaltz$b John L$4edt$4http://id.loc.gov/vocabulary/relators/edt 702 $aNagl$b Manfred$4edt$4http://id.loc.gov/vocabulary/relators/edt 702 $aBöhlen$b Boris$4edt$4http://id.loc.gov/vocabulary/relators/edt 801 0$bMiAaPQ 801 1$bMiAaPQ 801 2$bMiAaPQ 906 $aBOOK 912 $a996466226203316 996 $aApplications of Graph Transformations with Industrial Relevance$9774080 997 $aUNISA LEADER 05239nam 22006495 450 001 9910863125303321 005 20251113185449.0 010 $a9789811555923 010 $a9811555923 024 7 $a10.1007/978-981-15-5592-3 035 $a(OCoLC)1204100419$z(OCoLC)1201226569 035 $a(CKB)4100000011513675 035 $a(MiAaPQ)EBC6381075 035 $a(DE-He213)978-981-15-5592-3 035 $a(PPN)259465089 035 $a(Perlego)3481135 035 $a(EXLCZ)994100000011513675 100 $a20201017d2021 u| 0 101 0 $aeng 135 $aur||#|||||||| 181 $ctxt$2rdacontent 182 $cc$2rdamedia 183 $acr$2rdacarrier 200 10$aTransnational Sites of China?s Cultural Diplomacy $eCentral Asia, Southeast Asia, Middle East and Europe Compared /$fedited by Jarmila Ptá?ková, Ond?ej Klime?, Gary Rawnsley 205 $a1st ed. 2021. 210 1$aSingapore :$cSpringer Nature Singapore :$cImprint: Palgrave Macmillan,$d2021. 215 $a1 online resource (1 volume) 311 08$aPrint version: Transnational sites of China's cultural diplomacy. Basingstoke : Palgrave Macmillan, 2020 9789811555916 (OCoLC)1197760923 311 08$a9811555915 320 $aIncludes bibliographical references and index. 327 $a1. Introduction -- 2. Cultural Diplomacy Today: A ?Culture of Dialogue? or a ?Dialogue of Cultures?? -- 3. China?s Cultural Diplomacy in Berlin: The Impact of Transnational and Local -- 4. Xinjiang in China?s Public Diplomacy in Central Asia: Case Study of Almaty -- 5. The ?Silk Road? Public Diplomacy of the PRC in Central Asia. Rethinking the ?Network? Approach to China?s Public Diplomacy and Its Instrumentalism -- 6. Establishing a Common Ground?Admiral Zheng He as an Agent of Cultural Diplomacy in Malaysia -- 7. Two Confucius Institutes and a Cross-border University as Sites of China?s Cultural Diplomacy in Malaysia: The Limitations of ?Domestic Structures? -- 8. Attracting the Arabs? Promoting ?Muslim? China to Boost Regional Development in Ningxia Hui Autonomous Region -- 9. Trajectory of Chinese Cultural Diplomacy: The Case of International Co-production of Documentaries. 330 $aThis book presents the results of a three-year comparative study on Chinese cultural diplomacy (CD) across Europe, Central Asia, the Middle East, and Southeast Asia, which contributes to the broader theoretical debate on China`s increasing soft power in international relations. The study, ?China's Cultural Diplomacy and the Role of Non-State Actors? was conducted by a research team at the Oriental Institute of the Academy of Sciences of the Czech Republic from 2015 to 2018. This book pays special attention to China?s localized forms of CD, focusing on the regional variations and involvement of non-state actors, especially local actors outside China. Local actors involved in Chinese CD diplomacy are characterized by their intermediary status as working for the aims of two states, while trying to bridge conflicts and enhance mutual understanding. This book will be of interest to scholars, diplomats, and China watchers. Jarmila Ptá?ková graduatedfrom the Humboldt University in Berlin, specializing in Chinese and Central Asian Studies. She obtained her Ph.D. in Tibetan Studies from the same institution. Currently, she is affiliated with the Oriental Institute of the Czech Academy of Sciences in Prague. Ond?ej Klime? is a researcher at the Oriental Institute of Czech Academy of Sciences. His expertise is in politics of modern and contemporary Xinjiang and China. He received his Ph.D. from the Charles University in Prague in 2012. Gary Rawnsley is Professor of Public Diplomacy and the Dean of the Faculty of Humanities and Social Sciences at the University of Nottingham Ningbo China (UNNC). Working at the intersection of international relations and international communications, Professor Rawnsley has published widely on propaganda, public and cultural diplomacy, soft power and the role of the media in democratisation. Jens Damm is an Associate Fellow at the EuropeanResearch Center on Contemporary Taiwan (ERCCT), Eberhard Karls University of Tübingen. He was awarded his Ph.D. at Free University of Berlin in 2002. He is currently also a board member of the European Association of Taiwan Studies. 606 $aDiplomacy 606 $aAsia$xPolitics and government 606 $aInternational economic integration 606 $aGlobalization 606 $aDiplomacy 606 $aAsian Politics 606 $aEmerging Markets and Globalization 615 0$aDiplomacy. 615 0$aAsia$xPolitics and government. 615 0$aInternational economic integration. 615 0$aGlobalization. 615 14$aDiplomacy. 615 24$aAsian Politics. 615 24$aEmerging Markets and Globalization. 676 $a303.48251 702 $aPta?c?kova?$b Jarmila 702 $aKlimes?$b Ondr?ej 702 $aRawnsley$b Gary D. 801 0$bMiAaPQ 801 1$bMiAaPQ 801 2$bMiAaPQ 906 $aBOOK 912 $a9910863125303321 996 $aTransnational sites of China's cultural diplomacy$92812842 997 $aUNINA